Загрузка...
American government and politics /
| Главный автор: | |
|---|---|
| Формат: | Printed Book |
| Опубликовано: |
London :
Faber anad faber limited,
|
| Предметы: |
| LEADER | 00470nam a22001337a 4500 | ||
|---|---|---|---|
| 082 | |a 327.73 |b POT.A | ||
| 100 | |a Potter, Allen M. | ||
| 245 | |a American government and politics / |c by Allen M Potter. | ||
| 260 | |a London : |b Faber anad faber limited, | ||
| 300 | |a 318 p. | ||
| 650 | |a American government | ||
| 942 | |c BK | ||
| 999 | |c 312074 |d 312074 | ||
| 952 | |0 0 |1 0 |4 0 |6 327_730000000000000_POT_A |7 0 |8 NFIC |9 333637 |a POL |b POL |c GEN |d 2020-11-19 |l 0 |o 327.73 POT.A |p POL4827 |r 2020-11-19 |w 2020-11-19 |y BK | ||